Castellano, español, idioma nacional : Historia Espiritual de tres nombres

שמור ב:
מידע ביבליוגרפי
מחבר ראשי: Alonso, Amado
פורמט: ספר
שפה:Undetermined
יצא לאור: Buenos Aires, Argentina Losada 1979
מהדורה:5
נושאים:
תגים: הוספת תג
אין תגיות, היה/י הראשונ/ה לתייג את הרשומה!

MARC

LEADER 00000nam a2200000Ia 4500
008 170316s9999 xx 000 0 und d
090 |a 410 A-10c 
100 |a Alonso, Amado 
245 |a Castellano, español, idioma nacional : Historia Espiritual de tres nombres 
250 |a 5 
260 |a Buenos Aires, Argentina 
260 |b Losada 
260 |c 1979 
300 |a 152 páginas 
650 |a LINGÜÍSTICA 
650 |a ESPAÑOL 
650 |a LENGUA 
650 |a HISTORIA 
650 |a ROMANCE 
650 |a LENGUA VULGAR 
999 |c 18166  |d 18166 
040 |a cru BVZT 
942 |c 15 D  |h 410 A-10c  |2 z